[Event "15th Sigeman & Co"]
[Site "Malmo SWE"]
[Date "2007.04.22"]
[Round "5"]
[White "Hector, Jonny"]
[Black "Cheparinov, Ivan"]
[Result "0-1"]
[WhiteElo "2537"]
[BlackElo "2646"]
[EventDate "2007.04.18"]
[PlyCount "76"]

1.e4 c5 2.Nf3 d6 3.d4 cxd4 4.Nxd4 Nf6 5.Nc3 a6 6.Qe2 g6 7.Bg5 Bg7 8.O-O-O 
O-O 9.f4 Bg4 10.Nf3 Qa5 11.h3 Bxf3 12.Qxf3 Rc8 13.Bxf6 Bxf6 14.Nd5 Qxa2 
15.Qa3 Qxa3 16.Nxf6+ exf6 17.bxa3 Rc6 18.Rd4 Nd7 19.Bc4 Rac8 20.Bb3 Kf8 
21.Rhd1 Ke7 22.R1d2 Nc5 23.Bd5 R6c7 24.Kd1 b5 25.Ke1 Na4 26.Bb3 Nc3 27.
R2d3 a5 28.Kf1 a4 29.Bd5 Rc5 30.Rb4 f5 31.Re3 Kf8 32.Rd3 Re8 33.Bb7 Nxe4 
34.Bxe4 Rxe4 35.c3 Ke7 36.g3 Rec4 37.Rxc4 bxc4 38.Rd1 Rb5 0-1

[Event "15th Sigeman & Co"]
[Site "Malmo SWE"]
[Date "2007.04.22"]
[Round "5"]
[White "Hermansson, Emil"]
[Black "Carlsson, Pontus"]
[Result "1/2-1/2"]
[WhiteElo "2475"]
[BlackElo "2506"]
[EventDate "2007.04.18"]
[PlyCount "32"]

1.e4 e6 2.d4 d5 3.Nc3 Nf6 4.e5 Nfd7 5.f4 c5 6.Nf3 Nc6 7.Be3 Be7 8.Qd2 O-O 
9.Be2 a6 10.O-O b5 11.Nd1 b4 12.Nf2 Qb6 13.c3 a5 14.Rad1 Ba6 15.f5 exf5 
16.Bxa6 Qxa6 1/2-1/2

[Event "15th Sigeman & Co"]
[Site "Malmo SWE"]
[Date "2007.04.22"]
[Round "5"]
[White "L'Ami, Erwin"]
[Black "Berg, Emanuel"]
[Result "1/2-1/2"]
[WhiteElo "2617"]
[BlackElo "2574"]
[EventDate "2007.04.18"]
[PlyCount "75"]

1.d4 Nf6 2.c4 e6 3.Nf3 b6 4.g3 Ba6 5.Nbd2 Bb4 6.Qa4 c5 7.a3 Bxd2+ 8.Bxd2 
cxd4 9.Bg2 Bb7 10.O-O Bc6 11.Qd1 Bxf3 12.Bxf3 Nc6 13.Bf4 O-O 14.Bd6 Re8 
15.Bxc6 dxc6 16.Qxd4 Ne4 17.Rad1 Nxd6 18.Qxd6 Qxd6 19.Rxd6 c5 20.Rfd1 Kf8 
21.h4 Reb8 22.Rd7 Ke8 23.Rc7 Rd8 24.Rd3 Rdc8 25.Rxc8+ Rxc8 26.e4 Rd8 27.
Rxd8+ Kxd8 28.e5 Kc7 29.Kf1 b5 30.cxb5 Kb6 31.Ke2 Kxb5 32.Kd3 g6 33.Kc3 a5
34.Kd3 Kb6 35.a4 Kc6 36.Ke4 h6 37.f3 Kb6 38.Kd3 1/2-1/2

[Event "15th Sigeman & Co"]
[Site "Malmo SWE"]
[Date "2007.04.24"]
[Round "7"]
[White "Hector, Jonny"]
[Black "Carlsson, Pontus"]
[Result "0-1"]
[WhiteElo "2537"]
[BlackElo "2506"]
[EventDate "2007.04.18"]
[PlyCount "62"]

1.e4 e6 2.d4 d5 3.e5 c5 4.c3 Nc6 5.Nf3 Qb6 6.Bd3 Bd7 7.dxc5 Qc7 8.Qe2 Bxc5
9.Bf4 Nge7 10.b4 Bb6 11.h4 f6 12.g3 fxe5 13.Nxe5 O-O 14.Qh5 Nf5 15.Qe2 
Nxe5 16.Qxe5 Qc6 17.Nd2 Rac8 18.Rc1 Bc7 19.Qe2 e5 20.b5 Qb6 21.Bxf5 Rxf5 
22.Be3 Qxb5 23.c4 Qc6 24.O-O d4 25.Bg5 h6 26.Be7 Re8 27.Ba3 e4 28.Nb3 d3 
29.Qd2 Bf4 30.gxf4 Qg6+ 31.Kh1 Rh5 0-1

[Event "15th Sigeman & Co"]
[Site "Malmo SWE"]
[Date "2007.04.25"]
[Round "8"]
[White "Carlsson, Pontus"]
[Black "Berg, Emanuel"]
[Result "1/2-1/2"]
[WhiteElo "2506"]
[BlackElo "2574"]
[EventDate "2007.04.18"]
[PlyCount "27"]

1.e4 e6 2.d4 d5 3.Nd2 Nf6 4.e5 Nfd7 5.Bd3 c5 6.c3 Nc6 7.Ne2 cxd4 8.cxd4 f6
9.exf6 Nxf6 10.Nf3 Qc7 11.O-O Bd6 12.g3 O-O 13.Bf4 Ng4 14.Rc1 1/2-1/2

[Event "15th Sigeman & Co"]
[Site "Malmo SWE"]
[Date "2007.04.25"]
[Round "8"]
[White "Hermansson, Emil"]
[Black "L'Ami, Erwin"]
[Result "1-0"]
[WhiteElo "2475"]
[BlackElo "2617"]
[EventDate "2007.04.18"]
[PlyCount "113"]

1.e4 c6 2.d4 d5 3.Nd2 dxe4 4.Nxe4 Bf5 5.Ng3 Bg6 6.h4 h6 7.Nf3 Nd7 8.h5 Bh7
9.Bd3 Bxd3 10.Qxd3 e6 11.Bf4 Qa5+ 12.Bd2 Bb4 13.c3 Be7 14.c4 Qc7 15.O-O-O 
Ngf6 16.Ne4 b5 17.Nxf6+ Nxf6 18.Kb1 O-O 19.Rc1 Qb7 20.Ne5 Nd7 21.Qg3 Kh8 
22.Bf4 Nxe5 23.Bxe5 f6 24.Bf4 Rfd8 25.Rhd1 bxc4 26.Qe3 Qb5 27.g4 Rd7 28.
Qxe6 Rb7 29.Rc2 Ba3 30.Bc1 Rab8 31.Qxc4 Qxc4 32.Rxc4 Bxb2 33.Kc2 Bxc1 34.
Kxc1 Rb6 35.Kd2 f5 36.gxf5 Rb2+ 37.Rc2 Rxc2+ 38.Kxc2 Rb5 39.Kd3 Rxf5 40.
Rc1 Rxh5 41.Rxc6 Rh1 42.d5 Rd1+ 43.Ke4 h5 44.Ke5 Kh7 45.d6 h4 46.Ke6 Re1+ 
47.Kf7 Rd1 48.Ke7 Re1+ 49.Kd8 g5 50.d7 h3 51.Kc8 h2 52.d8=Q h1=Q 53.Qd7+ 
Kh8 54.Qd4+ Kh7 55.Rc7+ Kg6 56.Rg7+ Kf5 57.Rf7+ 1-0

[Event "15th Sigeman & Co"]
[Site "Malmo SWE"]
[Date "2007.04.26"]
[Round "9"]
[White "Berg, Emanuel"]
[Black "Hillarp Persson, Tiger"]
[Result "1/2-1/2"]
[WhiteElo "2574"]
[BlackElo "2552"]
[EventDate "2007.04.18"]
[PlyCount "94"]

1.e4 d6 2.d4 Nf6 3.Nc3 g6 4.f4 c6 5.Nf3 Bg4 6.Be2 e6 7.Be3 d5 8.e5 Nfd7 9.
O-O h5 10.Ng5 Bf5 11.Bd3 Be7 12.Ne2 c5 13.Bxf5 gxf5 14.h4 cxd4 15.Bxd4 Nc6
16.c3 Bxg5 17.hxg5 h4 18.Rf3 Ne7 19.Qa4 Qc7 20.Nc1 Ng6 21.Nd3 O-O 22.Kf2 
b6 23.Rh1 Nc5 24.Qd1 Ne4+ 25.Ke3 Kg7 26.Rfh3 Rh8 27.Qb3 Nc5 28.Qd1 a5 29.
Ne1 Ne4 30.Nd3 b5 31.a3 Qc4 32.Qc2 Rac8 33.Rc1 Ng3 34.Qd1 Ne4 35.Qc2 Qc6 
36.Ra1 Rb8 37.Rc1 Qa6 38.Qe2 Rbc8 39.Ra1 Qb7 40.Qd1 Rc4 41.Qb3 Qb8 42.Qd1 
Qd8 43.Qf3 Qe7 44.Rhh1 Qb7 45.Qd1 Qb8 46.Rh3 Rhc8 47.Qh5 Rh8 1/2-1/2